Desbordes epistémicos : encender las voces para pensar educaciones otras /
Salvato in:
| Altri autori: | , , |
|---|---|
| Natura: | Elettronico eBook |
| Lingua: | spagnolo |
| Pubblicazione: |
Ciudad de México : Mexicali :
Plaza y Valdés Editores ; Universidad Autónoma de Baja California,
[2025]
|
| Edizione: | Primera edición. |
| Soggetti: | |
| Accesso online: | Digitalia Hispánica |
| Tags: |
Aggiungi Tag
Nessun Tag, puoi essere il primo ad aggiungerne!!
|
MARC
| LEADER | 00000nam a2200000 i 4500 | ||
|---|---|---|---|
| 001 | DIGPLAVLDS0365 | ||
| 003 | NyNyDIG | ||
| 007 | cr ||||||||||| | ||
| 008 | 250710s2025 mx a ob 000 0 spa d | ||
| 006 | m o d | ||
| 035 | |a (OCoLC)1525556447 | ||
| 040 | |a DGITA |b eng |e rda |e pn |c DGITA | ||
| 020 | |a 9786078935895 |q Plaza y Valdés (digital) | ||
| 020 | |z 9786078935888 |q Plaza y Valdés (físico) | ||
| 020 | |a 9786076079539 |q UABC (digital) | ||
| 020 | |z 9786076079522 |q UABC (físico) | ||
| 043 | |a cl----- | ||
| 050 | 1 | 4 | |a LB14.7 ebook |
| 245 | 0 | 0 | |a Desbordes epistémicos : |b encender las voces para pensar educaciones otras / |c Emilia Cristina González-Machado, Ernesto Israel Santillán-Anguiano, Kenya Herrera Bórquez, coordinadores. |
| 250 | |a Primera edición. | ||
| 264 | 1 | |a Ciudad de México : |b Plaza y Valdés Editores ; |a Mexicali : |b Universidad Autónoma de Baja California, |c [2025] | |
| 300 | |a 1 online resource : |b illustrations. | ||
| 336 | |a text |b txt |2 rdacontent | ||
| 337 | |a computer |b c |2 rdamedia | ||
| 338 | |a online resource |b cr |2 rdacarrier | ||
| 347 | |a text file |2 rdaft | ||
| 347 | |b PDF | ||
| 504 | |a Includes bibliographical references. | ||
| 588 | 0 | |a Online resource; title from PDF title page (Digitalia, viewed July 10, 2025) | |
| 650 | 0 | |a Education |x Philosophy. | |
| 650 | 0 | |a Education |z Latin America |x Philosophy. | |
| 700 | 1 | |a González Machado, Emilia Cristina, |e editor. | |
| 700 | 1 | |a Santillán Anguiano, Ernesto Israel, |e editor. | |
| 700 | 1 | |a Herrera Bórquez, Kenya, |e editor. | |
| 791 | 2 | |a Digitalia (Firm), |e distributor. | |
| 793 | 0 | |g Digitalia eBook Collection: |a Plaza y Valdés Editores | |
| 776 | 0 | 8 | |i Print version: |t Desbordes epistémicos. |b Primera edición. |d Ciudad de México : Plaza y Valdés Editores ; Mexicali : Universidad Autónoma de Baja California, [2025] |z 9786078935888 |
| 856 | 4 | 0 | |3 Digitalia Hispánica |u https://digitalia.unach.elogim.com/a/174838/ |
| 910 | |a Premium collection: 2025 | ||